000 00729nam a22002297a 4500
005 20150602115849.0
008 150417b xxu||||| |||| 00| 0 eng d
010 _aENG-112726
020 _c395.00
_a9789381335055
035 _aEN-96258
037 _bDBAD / PUB
040 _adpl
_bEnglish
082 _a658.4038
100 _aGupta, Hitesh
245 _aManagement information system :
_cby Hitesh Gupta
_ban insight /
250 _a2nd rev. ed
260 _aNew Delhi
_bInternational Book House
_c2013
270 _a2/42, Ansar Road, Darya Ganj
_bNew Delhi
_e110002
300 _a437p.
_c24cm(pbk)
500 _aIncludes bibliographical references and index
942 _2ddc
_cEN
_mGUP
_h658.4038
999 _c93037
_d93037